| 000 | 00484nam a2200181Ia 4500 | ||
|---|---|---|---|
| 005 | 20250508151422.0 | ||
| 008 | 008 250505s9999 xx 000 0 hin d | ||
| 037 | _aTextual | ||
| 040 |
_aFEDL _beng _cFEDL |
||
| 041 |
_ahin _2hin |
||
| 084 |
_a891.434, PRE _qFEDL |
||
| 100 | _aPremchand | ||
| 245 | 0 | _aSahitya ka uddeshya | |
| 260 |
_aAllahabad, India _bShivrani Premchand _c1954 |
||
| 300 | _a287p | ||
| 942 |
_cTEXL _h891.434, PRE |
||
| 999 |
_c1329663 _d1329663 |
||